| 000 | 00503nam a22001937a 4500 | ||
|---|---|---|---|
| 003 | OSt | ||
| 005 | 20220815132307.0 | ||
| 008 | 220815b |||||||| |||| 00| 0 eng d | ||
| 020 | _a0673161013 | ||
| 040 | _cIFM Library | ||
| 082 | _a658 | ||
| 100 |
_aSzilagyi, Jr D. Andrew _95631 |
||
| 245 | _aManagement and Performance | ||
| 260 |
_a London _bScott, Foresman and Company _c1981 |
||
| 300 |
_a749p.: _bill.; 24cm. |
||
| 500 | _aInclude Index | ||
| 650 |
_aManagement _95632 |
||
| 942 |
_cBK _2ddc _n0 |
||
| 999 |
_c16201 _d16201 |
||